000 00723 a2200181 4500
999 _c2283
_d2283
020 _a020526557X (pbk.)
050 0 0 _aHM51. HEN 1997
100 1 _aHenslin, James M.
245 1 0 _aEssentials of sociology :
_ba down-to-earth approach /
_cJames M. Henslin.
250 _a2nd ed.
264 _aBoston:
_bAllyn and Bacon.,
_c1997
300 _axxiv, 488 p. :
_bill. (some col.), col. maps ;
500 _aIncludes bibliographical references (p. 446-466) and indexes.
504 _aIncludes bibliographical references (p. 446-466) and indexes.
650 0 _aSociology.
942 _2lcc
_cBK
_e2nd ed
_h51
_iHEN
_kHM